000 00892nam a2200253Ia 4500
003 OSt
005 20220923221038.0
006 a|||||r|||| 00| 0
007 ta
008 220922b |||||||| |||| 00| 0 hin d
024 _a194,322
037 _cTextual
040 _aARTS
_cARTS
_bhin
041 _2hin
_ahin
082 _aO152,3:g, N4
100 _aशर्मा, अनीता
_9156290
245 0 _aकहानी पाठ - प्रक्र्रिया और अग्रप्रस्तुति
246 _aKahānī pāṭh - prakrriyā aur agraprastuti
260 _aहोशियार पुर
_b प्रतिभा प्रका0
_c1994
300 _a134पृ.
_ccm.
650 _aहिन्दी साहित्य
_9156264
942 _hO152,3:g, N4
_cTEXL
_2CC
999 _c346586
_d346586